000 00629nam a22002177a 4500
008 150420b xxu||||| |||| 00| 0 eng d
020 _a9780071790499 (alk. paper)
020 _a0071790497 (alk. paper)
041 0 _aeng
080 _a658.8
100 1 _aDragon, Ric.
245 1 0 _aSocial marketology :
_cRic Dragon.
260 _aNew York :
_bMcGraw-Hill,
_cc2012.
300 _a213 f. :
_bme il.;
_c24 cm.
505 _aindex: f.207-213
650 0 _aMarketing
650 0 _aInternet
650 0 _aShitje
650 0 _aKlientët
942 _2udc
_cBK
999 _c709
_d709